000 00476nam a2200181Ia 4500
001 16677
005 20260306170327.0
008 260306t2011||||xx |||||||||||||| ||und||
041 _aESP
082 _a349.1
_bI443
100 _aIhering, Rudolf Von
_eAUT
245 0 _aEl espíritu del derecho romano:
_ben la diversas fases de su desarrollo
260 _c2011
300 _alxxix, 838 páginas :
_c25 cm.
650 _aGEN
654 _aCDE
942 _cLIB
_dJUS
_fJUS
_2ddc
_n
999 _c16677
_d16677